00489nam a22001577a 4500003000200000005001700002008004100019020001800060082003100078245005900109260005500168300002400223500003000247500002000277500003400297020230616133542.0230616b xxu||||| |||| 00| 0 eng d a971-630-094-8 aFil. 899.2113b.Gi492 1998 aAng gintong habihan: mga kwentong premyado ng Palanca aMakati CitybTahanan Book for Young ReaderscC1998 a70ppbill. c23cm.  aShort stories, Filipino.  aPalanca Awards. aLiterary-prizes-Philippines.